000 01007nam2a22002531 4500
001 rc\713407
005 20250621223347.0
035 _a(NLR Aleph) 005957009
090 _a6815105
_c6815105
100 _a20031121d1997 |||y0rusy50 ca
101 0 _arus
102 _aRU
105 _aa |||||||||
200 0 _a1
210 _d1997
_aБ. м.
215 _a41 с.
_cил.
225 1 _a...
_vИЯФ 97-28
320 _aБиблиогр.: с. 17 (10 назв.)
461 0 _1001rc\176457
_12001#$aВолна Бернштейна-Грина-Крускала. Конверсия и модуляционная неустойчивость$v1
_1700#1$aАртин$bГ.А.
_96466153
_aАртин, Г.А.
_cНовосибирск
_d1997-
_nГНЦ РФ ИЯФ
_tВолна Бернштейна-Грина-Крускала. Конверсия и модуляционная неустойчивость
_v1
801 0 _aRU
_bNLR
_gpsbo
801 1 _aRU
_bELAR
_2rusmarc
852 _aNLR
_j97-4/13589
942 _cBOOK
980 _aNB